<?xml version="1.0" encoding="UTF-8"?>
<record
    xmlns:xsi="http://www.w3.org/2001/XMLSchema-instance"
    xsi:schemaLocation="http://www.loc.gov/MARC21/slim http://www.loc.gov/standards/marcxml/schema/MARC21slim.xsd"
    xmlns="http://www.loc.gov/MARC21/slim">

  <leader>01681cam a2200361 i 4500</leader>
  <datafield tag="999" ind1=" " ind2=" ">
    <subfield code="c">77238</subfield>
    <subfield code="d">314515</subfield>
  </datafield>
  <controlfield tag="001">18296369</controlfield>
  <controlfield tag="003">OSt</controlfield>
  <controlfield tag="005">20190821152605.0</controlfield>
  <controlfield tag="008">140908s2015    flua     b    001 0 eng  </controlfield>
  <datafield tag="010" ind1=" " ind2=" ">
    <subfield code="a">  2014035624</subfield>
  </datafield>
  <datafield tag="020" ind1=" " ind2=" ">
    <subfield code="a">9781439825259 (hardcover : acidfree paper)</subfield>
  </datafield>
  <datafield tag="035" ind1=" " ind2=" ">
    <subfield code="a">(DNLM)101640752</subfield>
  </datafield>
  <datafield tag="040" ind1=" " ind2=" ">
    <subfield code="a">DNLM/DLC</subfield>
    <subfield code="c">DLC</subfield>
    <subfield code="e">rda</subfield>
    <subfield code="d">DLC</subfield>
  </datafield>
  <datafield tag="042" ind1=" " ind2=" ">
    <subfield code="a">pcc</subfield>
  </datafield>
  <datafield tag="050" ind1="0" ind2="0">
    <subfield code="a">R856</subfield>
    <subfield code="b">.M3732 2015</subfield>
  </datafield>
  <datafield tag="060" ind1="1" ind2="0">
    <subfield code="a">QT 36</subfield>
  </datafield>
  <datafield tag="082" ind1="0" ind2="0">
    <subfield code="a">610.28</subfield>
    <subfield code="2">23</subfield>
    <subfield code="b">MED</subfield>
  </datafield>
  <datafield tag="245" ind1="0" ind2="0">
    <subfield code="a">Medical devices and human engineering /</subfield>
    <subfield code="c">edited by Joseph D. Bronzino, Founder and President, Biomedical Engineering Alliance and Consortium (BEACON), Hartford, Connecticut, U.S.A., Donald R. Peterson, Professor of Engineering, Dean of the College of Science, Technology, Engineering, Mathematics, and Nursing, Texas A&amp;M University--Texarkana, Texarkana, Texas, U.S.A.</subfield>
  </datafield>
  <datafield tag="250" ind1=" " ind2=" ">
    <subfield code="a">Fourth edition.</subfield>
  </datafield>
  <datafield tag="264" ind1=" " ind2="1">
    <subfield code="a">Boca Raton :</subfield>
    <subfield code="b">CRC Press, Taylor &amp; Francis Group,</subfield>
    <subfield code="c">[2015]</subfield>
  </datafield>
  <datafield tag="300" ind1=" " ind2=" ">
    <subfield code="a">1 volume (various pagings) :</subfield>
    <subfield code="b">illustrations ;</subfield>
    <subfield code="c">27 cm. +</subfield>
    <subfield code="e">1 CD-ROM (4 3/4 in.)</subfield>
  </datafield>
  <datafield tag="500" ind1=" " ind2=" ">
    <subfield code="a">Preceded by The biomedical engineering handbook / edited by Joseph D. Bronzino. 3rd. 2006.</subfield>
  </datafield>
  <datafield tag="504" ind1=" " ind2=" ">
    <subfield code="a">Includes bibliographical references and index.</subfield>
  </datafield>
  <datafield tag="650" ind1="1" ind2="2">
    <subfield code="a">Biomedical Engineering</subfield>
    <subfield code="x">instrumentation.</subfield>
    <subfield code="9">74712</subfield>
  </datafield>
  <datafield tag="650" ind1="2" ind2="2">
    <subfield code="a">Biosensing Techniques</subfield>
    <subfield code="x">instrumentation.</subfield>
    <subfield code="9">74713</subfield>
  </datafield>
  <datafield tag="650" ind1="2" ind2="2">
    <subfield code="a">Electrical Equipment and Supplies.</subfield>
    <subfield code="9">74714</subfield>
  </datafield>
  <datafield tag="650" ind1="2" ind2="2">
    <subfield code="a">Human Engineering.</subfield>
    <subfield code="9">74715</subfield>
  </datafield>
  <datafield tag="700" ind1="1" ind2=" ">
    <subfield code="a">Bronzino, Joseph D.,</subfield>
    <subfield code="d">1937- ,</subfield>
    <subfield code="e">editor.</subfield>
    <subfield code="9">74716</subfield>
  </datafield>
  <datafield tag="700" ind1="1" ind2=" ">
    <subfield code="a">Peterson, Donald R.,</subfield>
    <subfield code="e">editor.</subfield>
    <subfield code="9">74717</subfield>
  </datafield>
  <datafield tag="906" ind1=" " ind2=" ">
    <subfield code="a">7</subfield>
    <subfield code="b">cbc</subfield>
    <subfield code="c">orignew</subfield>
    <subfield code="d">1</subfield>
    <subfield code="e">ecip</subfield>
    <subfield code="f">20</subfield>
    <subfield code="g">y-gencatlg</subfield>
  </datafield>
  <datafield tag="942" ind1=" " ind2=" ">
    <subfield code="2">ddc</subfield>
    <subfield code="c">BOOK</subfield>
  </datafield>
  <datafield tag="952" ind1=" " ind2=" ">
    <subfield code="1">0</subfield>
    <subfield code="2">2019-08-21</subfield>
    <subfield code="4">0</subfield>
    <subfield code="7">0</subfield>
    <subfield code="a">610.28 MED</subfield>
    <subfield code="d">2019-08-21</subfield>
    <subfield code="h">CL</subfield>
    <subfield code="i">00157743</subfield>
    <subfield code="m">CL</subfield>
    <subfield code="r">2019-08-21 00:00:00</subfield>
    <subfield code="t">BOOK</subfield>
    <subfield code="w">ddc</subfield>
    <subfield code="y">0</subfield>
  </datafield>
  <datafield tag="952" ind1=" " ind2=" ">
    <subfield code="1">0</subfield>
    <subfield code="2">2019-08-21</subfield>
    <subfield code="4">0</subfield>
    <subfield code="7">0</subfield>
    <subfield code="a">610.28 MED</subfield>
    <subfield code="d">2019-08-21</subfield>
    <subfield code="h">CL</subfield>
    <subfield code="i">00157744</subfield>
    <subfield code="m">CL</subfield>
    <subfield code="r">2019-08-21 00:00:00</subfield>
    <subfield code="t">BOOK</subfield>
    <subfield code="w">ddc</subfield>
    <subfield code="y">0</subfield>
  </datafield>
  <datafield tag="952" ind1=" " ind2=" ">
    <subfield code="1">0</subfield>
    <subfield code="2">2019-08-21</subfield>
    <subfield code="4">0</subfield>
    <subfield code="7">0</subfield>
    <subfield code="a">610.28 MED</subfield>
    <subfield code="d">2019-08-21</subfield>
    <subfield code="h">CL</subfield>
    <subfield code="i">00157745</subfield>
    <subfield code="m">CL</subfield>
    <subfield code="r">2019-08-21 00:00:00</subfield>
    <subfield code="t">BOOK</subfield>
    <subfield code="w">ddc</subfield>
    <subfield code="y">0</subfield>
  </datafield>
  <datafield tag="952" ind1=" " ind2=" ">
    <subfield code="1">0</subfield>
    <subfield code="2">2019-08-21</subfield>
    <subfield code="4">0</subfield>
    <subfield code="7">0</subfield>
    <subfield code="a">610.28 MED</subfield>
    <subfield code="d">2019-08-21</subfield>
    <subfield code="h">AMF</subfield>
    <subfield code="i">00157746</subfield>
    <subfield code="m">AMF</subfield>
    <subfield code="r">2019-08-21 00:00:00</subfield>
    <subfield code="t">BOOK</subfield>
    <subfield code="w">ddc</subfield>
    <subfield code="y">0</subfield>
  </datafield>
  <datafield tag="952" ind1=" " ind2=" ">
    <subfield code="1">0</subfield>
    <subfield code="2">2019-08-21</subfield>
    <subfield code="4">0</subfield>
    <subfield code="7">0</subfield>
    <subfield code="a">610.28 MED</subfield>
    <subfield code="d">2019-08-21</subfield>
    <subfield code="h">AMF</subfield>
    <subfield code="i">00157747</subfield>
    <subfield code="m">AMF</subfield>
    <subfield code="r">2019-08-21 00:00:00</subfield>
    <subfield code="t">BOOK</subfield>
    <subfield code="w">ddc</subfield>
    <subfield code="y">0</subfield>
  </datafield>
</record>
